|
|
|
|
| LEADER |
01519nam a22002897a 4500 |
| 001 |
35837 |
| 003 |
BD-DhAAL |
| 005 |
20250622094755.0 |
| 008 |
211202r20031983bg a|||| |||| 00| 0 ben d |
| 020 |
|
|
|a 9840743880
|
| 040 |
|
|
|a BD-DhAAL
|d BD-DhAAL
|
| 041 |
|
|
|a ben
|
| 082 |
|
|
|a 940.21
|2 22
|
| 100 |
|
|
|a খান, মুহাম্মদ আলী আসগর.
|9 43446
|
| 245 |
|
|
|a আধুনিক ইউরোপের ইতিহাস (১৭৮৯-১৯১৯) /
|c মুহাম্মদ আলী আসগর খান.
|
| 246 |
|
|
|a Adhunik europer itihash
|
| 260 |
|
|
|a ঢাকা :
|b বাংলা একাডেমী,
|c ১৯৮৩ [পুনমুর্দ্রণ ২০০৩].
|
| 300 |
|
|
|a ৪৬৯ পৃষ্ঠা :
|b চিত্র ;
|c ২২ সে.মি.
|
| 526 |
|
|
|a BIED
|
| 541 |
|
|
|a Complimentary copy from BIED
|e 35837, 41864
|
| 650 |
|
|
|a History, Modern.
|9 43448
|
| 651 |
|
|
|a Europe
|x History.
|9 43447
|
| 852 |
|
|
|a Ayesha Abed Library
|c BIED Collection
|
| 942 |
|
|
|2 ddc
|c BK
|
| 999 |
|
|
|c 43345
|d 43345
|
| 952 |
|
|
|0 0
|1 0
|2 ddc
|4 0
|6 940_210000000000000_KHA
|7 0
|9 69537
|a BRACUL
|b BRACUL
|c GEN
|d 2021-12-02
|e Complimentary copy from BIED
|l 1
|m 21
|o 940.21 KHA
|p 3010035837
|r 2025-07-21
|s 2024-12-11
|t 1
|w 2021-12-02
|y BK
|x Transferred from BIED to General Stacks
|
| 952 |
|
|
|0 0
|1 0
|2 ddc
|4 0
|6 940_210000000000000_KHA
|7 0
|9 74571
|a BRACUL
|b BRACUL
|c GEN
|d 2023-10-11
|e Complimentary copy from BIED
|l 3
|m 35
|o 940.21 KHA
|p 3010041864
|r 2026-02-02
|s 2026-01-26
|t 2
|w 2023-10-11
|y BK
|x Transferred from BIED to General Stacks
|